Catálogo

INFORME SOBRE EL DESARROLLO MUNDIAL 1997 RESUMEN : (Registro nro. 33818)

Detalles MARC
000 -LEADER
fixed length control field 00499nam a2200157 a 4500
001 - CONTROL NUMBER
control field 33818
005 - DATE AND TIME OF LATEST TRANSACTION
control field 20180714001827.0
008 - FIXED-LENGTH DATA ELEMENTS--GENERAL INFORMATION
fixed length control field 140415s1997 000 0 spa d
020 ## - INTERNATIONAL STANDARD BOOK NUMBER
International Standard Book Number 0821337793
041 ## - LANGUAGE CODE
Language code of text/sound track or separate title spa
082 ## - DEWEY DECIMAL CLASSIFICATION NUMBER
Classification number 330.91724
Item number INF
245 00 - TITLE STATEMENT
Title INFORME SOBRE EL DESARROLLO MUNDIAL 1997 RESUMEN :
Remainder of title EL ESTADO EN UN MUNDO DE TRANSFORMACION
260 ## - PUBLICATION, DISTRIBUTION, ETC.
Place of publication, distribution, etc. [s.l.] :
Name of publisher, distributor, etc. BANCO INTERNACIONAL DE RECONSTRUCCION Y FOMENTO,
Date of publication, distribution, etc. 1997
300 ## - PHYSICAL DESCRIPTION
Extent 17
650 14 - SUBJECT ADDED ENTRY--TOPICAL TERM
Topical term or geographic name entry element DESARROLLO ECONOMICO
Existencias
Withdrawn status Lost status Source of classification or shelving scheme Damaged status Not for loan Home library Current library Date acquired Source of acquisition Total Checkouts Full call number Barcode Price effective from Koha item type Collection code Shelving location
Descarte   Dewey Decimal Classification     Biblioteca Karol Wojtyla Biblioteca Karol Wojtyla 03/12/2013 Compra   330.91724 INF 51497 11/07/2018 Libro    
    Dewey Decimal Classification   Consulta en sala Biblioteca Karol Wojtyla Biblioteca Karol Wojtyla 03/12/2013 Compra   330.91724 INF 51369 11/07/2018 Folleto Referencia Referencia